00342pab a2200145 454500008004000000100001800040245002600058260000900084300000800093362001000101650003500111650001800146650001000164773002200174180718b2001 xxu||||| |||| 00| 0 eng d aSimha, S.L.N. aHow to reform the RBI c2001 ap.9 a5 Jan aFinancial institutions - India aBanks - India aBanks aBusiness Standard